Warszawska SKM-ka linia S3 (przystanki) - Statystyki

Ogólne statystyki
  • Ten quiz został rozwiązany 42 razy
  • Średni wynik to 15 z 19
Statystyki odpowiedzi
Numer przystanku Nazwa przystanku % Poprawnych
13. Legionowo
88%
19. Radzymin
85%
1. W-wa Zachodnia
85%
14. Legionowo Piaski
82%
16. Wieliszew
79%
2. W-wa Wola
79%
17. Nieporęt
76%
12. W-wa Choszczówka
76%
6. W-wa Gdańska
76%
4. W-wa Koło
76%
3. W-wa Młynów
76%
5. W-wa Powązki
76%
8. W-wa Praga
76%
9. W-wa Toruńska
76%
10. W-wa Żerań
76%
7. W-wa ZOO
76%
15. Michałów-Reginów
73%
11. W-wa Płudy
73%
18. Dąbkowizna
61%
Nie znaleziono quizów pasujących do podanych kryteriów
Rozkład punktacji
Procent ludzi z każdym wynikiem
Percentyl według liczby udzielonych odpowiedzi
Twoja historia wyników
Nie rozwiązałeś tego quizu